000 00637nam a22002172 4500
001 0000023416
005 20151217145941.0
008 121122s xx 000 0 eng d
020 _a8177225723 :
040 _aKABU
_cKABU
100 1 _aBoyes, William.
_@0000182788
245 1 0 _aTextbook of economics /
_cWilliam Boyes, Michael Melvin.
250 _a6th ed.
260 _aNew Delhi :
_bBiztantra,
_c2005.
300 _a1v. (various paging) ;
650 0 _aEconomics.
_@0000148279
700 1 _aMelvin, Michael.
_@0000182789
852 1 _9p1350 KES
908 _a121122
950 _@1
999 _c4373
_d4373